000 00460pab a2200169 454500
008 180718b2006 xxu||||| |||| 00| 0 eng d
100 _aKittel, Bernhard
245 _aA crazy methodology? On the limits of macro-quantitative social science research
260 _c2006
300 _ap.647-77.
362 _aSep
650 _aResearch
650 _aComparative analysis
650 _aSocial research
773 _aInternational Sociology
909 _a71670
999 _c71670
_d71670